Feminismo inmodificado : (Record no. 11025)

MARC details
000 -LEADER
fixed length control field 00643nam a22001937a 4500
005 - DATE AND TIME OF LATEST TRANSACTION
control field 20250708140327.0
008 - FIXED-LENGTH DATA ELEMENTS--GENERAL INFORMATION
fixed length control field 250708b ||||| |||| 00| 0 spa d
020 ## - INTERNATIONAL STANDARD BOOK NUMBER
International Standard Book Number 978-987-629-368-6
040 ## - CATALOGING SOURCE
Original cataloging agency AR-FvUNAJ
Modifying agency AR-FvUNAJ
Description conventions aacr2
082 14 - DEWEY DECIMAL CLASSIFICATION NUMBER
Edition number 14
Classification number 305.42
100 1# - MAIN ENTRY--PERSONAL NAME
9 (RLIN) 21590
Personal name MacKinnon, Catharine A.
245 10 - TITLE STATEMENT
Title Feminismo inmodificado :
Remainder of title discursos sobre la vida y el derecho /
Statement of responsibility, etc Catharine A. MacKinnon
260 ## - PUBLICATION, DISTRIBUTION, ETC. (IMPRINT)
Place of publication, distribution, etc Buenos Aires :
Name of publisher, distributor, etc Siglo Veintiuno Editores,
Date of publication, distribution, etc 2018.
300 ## - PHYSICAL DESCRIPTION
Extent 367 p,
650 #0 - SUBJECT ADDED ENTRY--TOPICAL TERM
9 (RLIN) 3802
Topical term or geographic name as entry element FEMINISMO
650 #0 - SUBJECT ADDED ENTRY--TOPICAL TERM
9 (RLIN) 19421
Topical term or geographic name as entry element ESTUDIOS DE GÉNERO
942 ## - ADDED ENTRY ELEMENTS (KOHA)
Source of classification or shelving scheme Dewey Decimal Classification
Item type Libro, folleto, traducción
980 ## - EQUIVALENCE OR CROSS-REFERENCE-SERIES STATEMENT--PERSONAL NAME/TITLE [LOCAL, CANADA]
Linkage 2
Personal name Virginia Figueroa
Field link and sequence number 2
Miscellaneous information Virginia Figueroa
Holdings
Withdrawn status Lost status Source of classification or shelving scheme Damaged status Not for loan Home library Current library Date acquired Source of acquisition Total Checkouts Full call number Barcode Date last seen Price effective from Koha item type
    Dewey Decimal Classification     Biblioteca Central Biblioteca Central 08/07/2025 Donación   305.42 MAC UNAJ25070011 08/07/2025 08/07/2025 Libro, folleto, traducción

Lunes a Viernes 8:30 a 19:00 hs. Cerrado por mudanza
Av.Calchaqui 6200 Florencio Varela (CP188) 2°piso Edificio Mosconi Aula 209-210
Mail: bibliotecacentralunaj@gmail.com  
Whatsapp(54 9)1122668024    ❔Pregunte a la bibliotecaria
© Universidad Nacional Arturo Jauretche | Secretaría Académica | Biblioteca Central UNAJ